00622nam a2200169Ia 4500008004100000020001500041041001200056100002000068245005700088260002500145300000800170650001500178700001700193942000700210999001700217952021800234221030s9999 xx 000 0 und d a0070660077 aEnglish aV. A. Zeithamal 0aServices Marketingcby V. A. Zeithamal, M. J. Bitner bTMHaNew Delhic2008 a743 aManagement aM. J. Bitner cBK c17987d17987 pMBA 3470g425.00l0eDonated by Rahul Kapoor ( Ex Student of IT BAtch 2006 )r2024-04-19 00:00:00w2022-10-30yBK003Print4070aMIETLIBbMIETLIBcBL-Academic Block B, FL-2, CUP-63, SH-6, R-6d2018-12-1410HMBA